000 00287nam a22001337a 4500
008 170927b xxu||||| |||| 00| 0 eng d
020 _a9780813525228
041 _aeng
080 _a37
100 _a46
101 _aEDU
245 _aGENDER ON CAMPUS
_cBOHN.SH
942 _2udc
_cBK
999 _c30150
_d30150